The world's great events : a history of the world from ancient to modern times, B.C. 4004 to A.D. 1903

Αποθηκεύτηκε σε:
Λεπτομέρειες βιβλιογραφικής εγγραφής
Κύριος συγγραφέας: Singleton, Esther, 1865-1930
Μορφή: Βιβλίο
Γλώσσα:English
Δημοσίευση: New York : P.F. Collier & Son, 1904.
Θέματα:
Ετικέτες: Προσθήκη ετικέτας
Δεν υπάρχουν, Καταχωρήστε ετικέτα πρώτοι!

MARC

LEADER 00000nam a2200000 a 4500
001 1/126883
008 230619s1904####nyu| ||| |||| ||eng||
040 |a GR-MyUa  |b gre  |c GR-MyUa  |e AACR2 
041 0 |a eng 
082 7 |a 909   |2 (23) 
100 1 |a Singleton, Esther,   |d 1865-1930. 
245 1 4 |a The world's great events :   |b a history of the world from ancient to modern times, B.C. 4004 to A.D. 1903 /   |c by Esther Singleton. 
260 |a New York :   |b P.F. Collier & Son,   |c 1904. 
300 |a 5 τ. :   |b εικ. ;   |c 21 εκ. 
505 8 |a Τ. 3. Renaissance, A.D. 1485 to A.D. 1692. 
650 0 |a World history. 
852 |a INST  |b SYROS  |e 20230615  |h 909 SIN  |p 005500015965  |q 005500015965  |t BK  |v τομ.3:  |y 0 
853 |a INST  |b SYROS  |h 909 SIN 
970 |a Κοντού  |b Παρασκευή  |z 19/06/2023